| 000 | 01214nam0a22003131 4500 | ||
|---|---|---|---|
| 001 | rc\2115716 | ||
| 005 | 20250623015822.0 | ||
| 035 | _a(NLR Aleph) 006521337 | ||
| 090 |
_a6433592 _c6433592 |
||
| 100 | _a20110826d1979 |||y0rusy50 ca | ||
| 101 | 0 | _arus | |
| 102 | _aRU | ||
| 105 | _aa j ||||| | ||
| 200 | 1 |
_aХозяйственные вычисления и вычислительные машины _e[Учебник для техникумов сов. торговли] |
|
| 210 |
_aМосква _cЭкономика _d1979 |
||
| 215 |
_a214 с. _cил. _d20 |
||
| 606 |
_aБухгалтерский учет, торговый _jУчебники и пособия _2psbo |
||
| 606 |
_aТорговые предприятия _jУчебники и пособия _xУчет и отчетность _2psbo |
||
| 686 |
_a65.052.2 _2rubbk |
||
| 686 |
_aУ9(2)421.0-265я73-1 _2rubbk |
||
| 700 | 1 |
_aАверьянова _bР.В. _gРоза Васильевна |
|
| 701 | 1 |
_aЛосев _bБ.Ф. _gБорис Федорович |
|
| 801 | 0 |
_aRU _bNLR _gpsbo |
|
| 801 | 1 |
_aRU _bELAR _2rusmarc |
|
| 852 |
_aNLR _j79-3/4224 |
||
| 899 |
_aRuMoRGB _jB 79-2/560 |
||
| 899 |
_aRuMoRGB _jB 79-2/561 |
||
| 942 | _cBOOK | ||
| 980 | _aNB | ||